000 00697nam a2200205Ii 4500
003 JO-AjNU
008 230605s9999||||xx |||||||||||||| ||und||
017 _a86/4641
020 _a977-103-281-1
040 _aJO-AjNU
_bara
_erda
_cJO-AjNU
041 _aara
050 1 4 _aKRM2168.5.S5264.1986
100 3 _aتأليف الشواربي، عبد الحميد محمد ؛ م، مشارك أسامه عثمان,
_eauthor
_937043
245 0 0 _aمنازعات الأوقاف والأحكام
264 3 1 _aالاسكندرية : منشأة المعارف، 1986
300 _a159ص
336 _atext
_btxt
_2rdacontent
337 _aunmediated
_bn
_2rdamedia
338 _avolume
_bnc
_2rdacarrier
999 _aA15443
_c19011
_d19011